| 000 | 00761nam a2200301Ia 4500 | ||
|---|---|---|---|
| 008 | 210210b2011 xxu||||| |||| 00| 0 eng d | ||
| 020 | _a8121929563 | ||
| 041 | _aeng | ||
| 082 | _a510.02 TULQ | ||
| 100 | _aTULSIAN (P C) | ||
| 245 | _aQuantitative aptitude: mathematics and statistics for CA common proficiency test CPT | ||
| 260 |
_aNew Delhi _bS. Chand & Co. Ltd. _c2011 |
||
| 300 | _axviii-14.28-A-33 | ||
| 650 | _atest | ||
| 650 | _astatistics | ||
| 650 | _aQuantitative | ||
| 650 | _aproficiency | ||
| 650 | _amathematics | ||
| 650 | _afor | ||
| 650 | _aCPT | ||
| 650 | _acommon | ||
| 650 | _aCA | ||
| 650 | _aaptitude: | ||
| 650 | _aand | ||
| 690 | _aQuantitative Aptitude | ||
| 700 | _aJHUNJHNUWALA (Bharat) | ||
| 906 | _a066133 | ||
| 999 |
_c146525 _d146525 |
||